Salt-cellars : being a collection of prverbs together with homely netes thereon /

সংরক্ষণ করুন:
গ্রন্থ-পঞ্জীর বিবরন
প্রধান লেখক: Spurgeon, C. H.
বিন্যাস: গ্রন্থ
ভাষা:ইংরেজি
প্রকাশিত: London : Passion and alabaster, c1905.
বিষয়গুলি:
ট্যাগগুলো: ট্যাগ যুক্ত করুন
কোনো ট্যাগ নেই, প্রথমজন হিসাবে ট্যাগ করুন!

MARC

LEADER 00000nam a22000002 4500
001 0000038445
003 Daystar
005 20171002021125.0
008 061106s xx 000 0 eng d
040 |a Daystar  |d LKithuka 
050 0 0 |a PN6401  |b .S6 
100 1 |a Spurgeon, C. H. 
245 1 0 |a Salt-cellars :  |b being a collection of prverbs together with homely netes thereon /  |c by C. H. Spurgeon. 
260 |a London :  |b Passion and alabaster,  |c c1905. 
300 |a 334 p. 
650 0 |a Proverbs. 
650 0 |a Sayings. 
908 |a 061106 
942 |c G 
952 |0 1  |1 0  |4 0  |6 PN_6401_000000000000000_S6  |7 0  |9 37678  |a DUN  |b DUN  |c STORE  |d 2017-09-28  |l 0  |o PN6401.S6  |p BK036043  |r 2017-09-28 00:00:00  |t c.  |w 2017-09-28  |x 14119  |y G 
999 |c 24643  |d 24643